Statistics for Scrabble Rack Challenge #1

Click here to take the quiz!

General Stats

  • This quiz has been taken 128 times
  • The average score is 5 of 13

Answer Stats

Scrabble Rack BINGO % Correct
ADEQRSUSquared
89%
AEIJLNVJavelin
58%
GEMPRTTUTrumpet
58%
EGINNPUPenguin
51%
TADEHLOTLoathed
51%
AELSTWZWaltzes
47%
EAEEEGNTTeenage
44%
UAAEGMPRRampage
36%
FEEHNSTVSeventh
35%
AAFINNSTInfants
25%
ADHNRTYHydrant
20%
IEEKLMRZKlezmer
15%
FATIGUE
13%

Score Distribution

Percentile by Number Answered

Percent of People with Each Score

Your Score History

You have not taken this quiz